00821nam a2200205 i 4500001000700000003000700007005001700014008004100031020001800072080002400090245017800114260007100292300004600363490002200409650005200431655004000483710004800523830002200571852002200593186496SpMaBN20250905102002.0161118s2000 sp ao c |||| |dspa d a84-8026-970-7 a7.036(8=134)(064.3)00aHeterotopías b: medio siglo sin lugar, 1918-1968 : Museo Nacional Centro de Arte Reina Sofía, 12/XII/00-27/II/01: [exposición] / c[comisario, Mari Carmen Ramírez]. a[Madrid] : bMuseo Nacional Centro de Arte Reina Sofía, c[2000] a573 p. : bil. col. y n., fot. ; c28 cm.1 aVersiones del sur 7aArte-zAmérica Latina-yS.XX-vExposiciones2 72tgfbneaCatálogos de exposiciones2 aMuseo Nacional Centro de Arte Reina Sofía0 aVersiones del sur aES-MaACLjL-30840